01649nam a22003611a 4500001001200000003000800012006001900020007001500039008004100054010001700095020001500112020002200127020001500149040002100164035002100185050002500206082001400231245007600245260005700321300001900378500025100397504004100648533015200689650004100841650003800882650004500920650003400965655002900999700001701028710001701045711009901062856012601161ebr10014646CaPaEBRm u cr cn|||||||||991220s1999 enka sb 100 0 eng c z 00031291  z1841500135 z184150002X (pbk.) z1841508152 aCaPaEBRcCaPaEBR a(OCoLC)55909170314aNX180.T4bR43 1999eb04a700.122100aReframing consciousnessh[electronic resource] /cedited by Roy Ascott. aExeter, England ;aPortland, OR :bIntellect,c1999. a314 p. :bill. a"Articles ... presented at the Second International CAiiA Research Conference 'Consciousness reframed: art and consciousness in the post-biological era', which was convened at the University of Wales College, Newport (UWCN) in August 1998"--Pref. aIncludes bibliographical references. aElectronic reproduction.bPalo Alto, Calif. :cebrary,d2013.nAvailable via World Wide Web.nAccess may be limited to ebrary affiliated libraries. 0aTechnology and the artsvCongresses. 0aConsciousness in artvCongresses. 0aArtsxPsychological aspectsvCongresses. 0aArtsxPhilosophyvCongresses. 7aElectronic books.2local1 aAscott, Roy.2 aebrary, Inc.2 aInternational CAiiA Research Conferencen(2nd :d1998 :cUniversity of Wales College, Newport)40uhttp://site.ebrary.com/lib/rucke/Doc?id=10014646zAn electronic book accessible through the World Wide Web; click to view